Words That End in "Side" - Statistics

General Stats
  • This quiz has been taken 18 times
  • The average score is 12 of 51
Answer Stats
# Words % Correct
A Aside
82%
B Beside
82%
I Inside
76%
O Outside
71%
D Downside
53%
S Seaside
53%
U Upside
53%
W Westside
53%
E Eastside
47%
N Northside
47%
O Offside
47%
S Southside
47%
L Leftside
41%
R Rightside
41%
S Sunnyside
41%
B Backside
35%
N Nearside
29%
B Bedside
24%
R Roadside
24%
W Wayside
24%
C Countryside
18%
D Darkside
18%
H Hillside
18%
P Portside
18%
R Riverside
18%
S Shoreside
18%
S Subside
18%
C Cityside
12%
F Fireside
12%
L Lakeside
12%
M Mountainside
12%
T Tableside
12%
W Waterside
12%
B Bayside
6%
B Blindside
6%
B Burnside
6%
D Dockside
6%
H Handside
6%
R Ringside
6%
S Stateside
6%
T Trackside
6%
A Alongside
0%
B Broadside
0%
C Creekside
0%
G Graveside
0%
L Landside
0%
N Nightside
0%
P Pierside
0%
R Regicide
0%
R Residue
0%
T Trailside
0%
No matching quizzes found
Score Distribution
Percent of People with Each Score
Percentile by Number Answered
Your Score History
You have not taken this quiz